000 01260nam a2200217 a 4500
005 20240930113511.0
008 t1998||||ag g |||| 001 0 spa d
020 _a9875070882
041 _aspa
092 _c920
_l16
_sDIA
100 1 _aDíaz Araujo, Enrique
_93484
245 _aJosé Ingenieros /
_cEnrique Díaz Araujo
250 _a1a ed.
260 _aBuenos Aires:
_bCiudad Argentina;
_c1998.
300 _a548 p.
500 _aDíaz Araujo, E. (1998). José Ingenieros. (1a ed.). Buenos Aires : Ciudad Argentina.
505 _aEste libro trata de la vida y la obra de un hombre con inquietud cognoscitiva, de talento perspicaz y amplios estudios. De un hombre bien dotado que sirvió a causas, en nuestro entender, esencialmente equivocadas. Nos referimos a José Ingenieros y su circunstancia finisecular. "Yo no quiero ser imparcial ante lectores que no lo son", subrayó Ingenieros en el prólogo a su La evolución de las ideas argentinas. Esa norma cardinal presidió la militancia inflexible de todos su escritos. Nunca buscó, deliberadamente, la conciliación de las actitudes o el justo medio de las ideas.
590 _aProyecto 4to libro. Donación Maria Vitarelli, Diciembre 2017.
655 _aLiteratura
_92917
942 _2ddc
_cBK
999 _c3187
_d3187